[Event "CUB-ch (Women)"]
[Site "Pinar del Rio"]
[Date "2024.02.15"]
[Round "8"]
[White "Cabrera Ladron De Guevara, Mayra"]
[Black "Hernandez Machado, Patricia M"]
[Result "1/2-1/2"]
[WhiteElo "1913"]
[BlackElo "2154"]
[PlyCount "96"]
[EventDate "2024.02.08"]
[EventType "swiss"]
[EventRounds "10"]
[EventCountry "CUB"]
[SourceTitle "CB08_2024"]
[SourceDate "2024.02.21"]
[SourceVersion "1"]
[SourceVersionDate "2024.02.21"]
[SourceQuality "1"]

1. d4 Nf6 2. Bg5 g6 3. Bxf6 exf6 4. e3 Bg7 5. Ne2 d6 6. Nf4 f5 7. Qf3 0-0 8. Nc3 c6 9. h4 h6 10. Bc4 Kh7 11. Qg3 Qf6 12. Nh3 Nd7 13. Ng5+ Kg8 14. Nf3 Re8 15. Ne2 Nb6 16. Bb3 c5 17. c3 c4 18. Bc2 Bd7 19. Nf4 Bc6 20. Rd1 Nd5 21. Rd2 Rab8 22. Nxd5 Bxd5 23. Qf4 h5 24. 0-0 b5 25. a3 Bxf3 26. gxf3 Kh7 27. Qg3 f4 28. Qxf4 Qxf4 29. exf4 f5 30. Kg2 Bh6 31. Kg3 d5 32. b4 a5 33. bxa5 Bf8 34. Ra1 Ra8 35. Bd1 Rxa5 36. Rda2 Re1 37. a4 bxa4 38. Bxa4 Rxa1 39. Rxa1 Bd6 40. Ra2 Kg7 41. Ra1 Kf6 42. Ra2 Ra7 43. Ra1 Ra5 44. Ra2 Ra7 45. Ra1 Ra8 46. Ra2 Ra6 47. Ra1 Ra7 48. Ra2 Ra5 1/2-1/2

[Event "Santiago de Cuba Province-ch final"]
[Site "Santiago de Cuba"]
[Date "2018.09.26"]
[Round "2"]
[White "Venzant Batista, Marcia Camila"]
[Black "Cabrera Ladron de Guevara, Mayra"]
[Result "1/2-1/2"]
[WhiteElo "1930"]
[BlackElo "2091"]
[PlyCount "80"]
[EventDate "2018.09.26"]
[EventType "swiss"]
[EventRounds "9"]
[EventCountry "CUB"]
[SourceTitle "EXT 2021"]
[Source "ChessBase"]
[SourceDate "2020.10.23"]
[SourceVersion "1"]
[SourceVersionDate "2020.10.23"]
[SourceQuality "1"]

1. e4 c5 2. Nf3 d6 3. d4 cxd4 4. Nxd4 Nf6 5. Nc3 a6 6. a4 e5 7. Nf3 Be6 8. Ng5 Qc7 9. Nxe6 fxe6 10. Be2 Be7 11. Be3 Nbd7 12. Bg4 Qc4 13. a5 Nxg4 14. Qxg4 Nf6 15. Qh3 0-0 16. Ra4 Qc8 17. Bg5 h6 18. Bxf6 Rxf6 19. 0-0 Qc5 20. Qd3 Raf8 21. Nd1 d5 22. Ne3 Rf4 23. g3 Rf3 24. exd5 exd5 25. b4 Qb5 26. Qxd5+ Kh8 27. Raa1 Bxb4 28. Qxb5 axb5 29. Rab1 Bc5 30. Ng4 Bd4 31. Rxb5 R3f5 32. Rb3 h5 33. Ne3 Rf3 34. Nd1 R3f7 35. Kg2 g5 36. c3 Ba7 37. Rb5 Bb8 38. Ne3 g4 39. Nc4 Ba7 40. Nb6 Rf5 1/2-1/2

[Event "Santiago de Cuba Province-ch Mix2"]
[Site "Santiago de Cuba"]
[Date "2018.09.19"]
[Round "1"]
[White "Lavigne Lopez, Raul Leonardo"]
[Black "Cabrera Ladron de Guevara, Mayra"]
[Result "1-0"]
[WhiteElo "2109"]
[BlackElo "2091"]
[PlyCount "67"]
[EventDate "2018.09.19"]
[EventType "tourn"]
[EventRounds "10"]
[EventCountry "CUB"]
[SourceTitle "EXT 2021"]
[Source "ChessBase"]
[SourceDate "2020.10.23"]
[SourceVersion "1"]
[SourceVersionDate "2020.10.23"]
[SourceQuality "1"]

1. d4 Nf6 2. c4 e6 3. Nc3 Bb4 4. f3 d5 5. a3 Be7 6. e4 0-0 7. e5 Ne8 8. f4 g6 9. Nf3 b6 10. Be3 Ng7 11. Bd3 c5 12. 0-0 Nc6 13. cxd5 exd5 14. Bb5 Nxd4 15. Nxd4 cxd4 16. Bxd4 Bb7 17. Ne2 Nf5 18. Qd2 a6 19. Ba4 Nxd4 20. Nxd4 b5 21. Bc2 Qb6 22. Kh1 Bc5 23. Rad1 Rac8 24. Bb3 b4 25. a4 Rfe8 26. Rfe1 Qc7 27. Nf3 Rcd8 28. Rc1 Qb6 29. f5 Rd7 30. Qf4 Rc7 31. Rcd1 Rd7 32. Ng5 Bf2 33. Re2 h6 34. Ne4 1-0

[Event "Capablanca Memorial op 53rd"]
[Site "Havana"]
[Date "2018.05.17"]
[Round "8"]
[White "Cabrera Ladron de Guevara, Mayra"]
[Black "Garcia Martinez, Omar"]
[Result "1/2-1/2"]
[WhiteElo "2103"]
[BlackElo "2307"]
[PlyCount "31"]
[EventDate "2018.05.09"]
[EventType "swiss"]
[EventRounds "10"]
[EventCountry "CUB"]
[SourceTitle "EXT 2021"]
[Source "ChessBase"]
[SourceDate "2020.10.23"]
[SourceVersion "1"]
[SourceVersionDate "2020.10.23"]
[SourceQuality "1"]

1. e4 e5 2. Nf3 Nc6 3. Bb5 a6 4. Ba4 Nf6 5. d3 d6 6. c3 Be7 7. Nbd2 0-0 8. 0-0 Re8 9. Re1 Bf8 10. h3 h6 11. d4 b5 12. Bc2 Bb7 13. d5 Ne7 14. b3 c6 15. c4 Qc7 16. Bb2 1/2-1/2

[Event "Capablanca Memorial op 53rd"]
[Site "Havana"]
[Date "2018.05.16"]
[Round "7"]
[White "Elias Reyes, Jorge Roberto"]
[Black "Cabrera Ladron de Guevara, Mayra"]
[Result "1-0"]
[WhiteElo "2300"]
[BlackElo "2103"]
[PlyCount "47"]
[EventDate "2018.05.09"]
[EventType "swiss"]
[EventRounds "10"]
[EventCountry "CUB"]
[SourceTitle "EXT 2021"]
[Source "ChessBase"]
[SourceDate "2020.10.23"]
[SourceVersion "1"]
[SourceVersionDate "2020.10.23"]
[SourceQuality "1"]

1. e4 d5 2. exd5 Qxd5 3. Nf3 Bg4 4. Be2 Nf6 5. d4 Nc6 6. 0-0 0-0-0 7. Be3 Kb8 8. c4 Qa5 9. Nbd2 e6 10. a3 h5 11. d5 exd5 12. b4 Bxb4 13. Nb3 Qa4 14. axb4 Qxb4 15. Bc5 Qc3 16. Nfd4 Nxd4 17. Bxa7+ Kc8 18. Bxd4 Qb4 19. Bxf6 gxf6 20. Ra8+ Kd7 21. Qxd5+ Ke7 22. Qe4+ Be6 23. Ra7 Rdg8 24. Qxb7 1-0

[Event "Moncada Cup-E"]
[Site "Santiago de Cuba"]
[Date "2018.03.23"]
[Round "5"]
[White "Cabrera Ladron de Guevara, Mayra"]
[Black "Robles Cordero, David Rafael"]
[Result "1-0"]
[WhiteElo "2053"]
[BlackElo "1968"]
[PlyCount "69"]
[EventDate "2018.03.20"]
[EventType "tourn"]
[EventRounds "10"]
[EventCountry "CUB"]
[SourceTitle "EXT 2021"]
[Source "ChessBase"]
[SourceDate "2020.10.23"]
[SourceVersion "1"]
[SourceVersionDate "2020.10.23"]
[SourceQuality "1"]

1. e4 e6 2. Qe2 Ne7 3. d4 d5 4. Nc3 b6 5. Bf4 Ng6 6. Bg3 Bb4 7. Qb5+ Nc6 8. Qxc6+ Bd7 9. Qxc7 Qxc7 10. Bxc7 Rc8 11. Bg3 Rxc3 12. 0-0-0 Rc6 13. Bb5 Rxc2+ 14. Kxc2 Bxb5 15. exd5 exd5 16. a3 Be7 17. Nf3 0-0 18. Kd2 Bf6 19. Rc1 Re8 20. Rc7 Re2+ 21. Kc3 Re7 22. Rc8+ Re8 23. Rxe8+ Bxe8 24. Re1 Bd7 25. Bb8 a6 26. Bc7 b5 27. h3 Kf8 28. Bd6+ Be7 29. Bxe7+ Nxe7 30. g4 f6 31. Kb4 Ke8 32. Kc5 Kd8 33. Kd6 Ng6 34. Rc1 Nf4 35. Rc7 1-0

[Event "Bayamo Cespedes tt"]
[Site "Bayamo"]
[Date "2018.03.04"]
[Round "6.2"]
[White "Venzant Batista, Marcia Camila"]
[Black "Cabrera Ladron de Guevara, Mayra"]
[Result "1-0"]
[WhiteElo "2025"]
[BlackElo "2053"]
[PlyCount "75"]
[EventDate "2018.03.01"]
[EventType "team-tourn"]
[EventRounds "10"]
[EventCountry "CUB"]
[EventCategory "1"]
[SourceTitle "CBM 195 Extra"]
[Source "ChessBase"]
[SourceDate "2020.05.31"]
[SourceVersion "1"]
[SourceVersionDate "2020.05.31"]
[SourceQuality "1"]

1. e4 c5 2. Nf3 d6 3. d4 cxd4 4. Nxd4 Nf6 5. Nc3 a6 6. a4 e5 7. Nf3 Be7 8. Bc4 h6 9. 0-0 Be6 10. Bb3 0-0 11. Re1 Nc6 12. Be3 Na5 13. h3 Nxb3 14. cxb3 Qa5 15. Bd2 Qb6 16. b4 d5 17. a5 Qd6 18. exd5 Nxd5 19. Nxd5 Bxd5 20. Nxe5 Rad8 21. Bc3 Rfe8 22. Re2 Bf6 23. Qe1 Re6 24. Ng4 Bxc3 25. bxc3 Rxe2 26. Qxe2 Qc6 27. Ne3 Re8 28. Qd2 Be4 29. Qd4 Qg6 30. c4 Bf3 31. g3 Re4 32. Qc3 Qh5 33. Kh2 Be2 34. Rc1 f5 35. Qd2 Re5 36. Qd4 Qe8 37. Re1 Bf3 38. Nxf5 1-0

[Event "CUB-ch sf (Women)"]
[Site "Holguin"]
[Date "2018.01.18"]
[Round "6"]
[White "Cabrera Ladron de Guevara, Mayra"]
[Black "Ramon Pita, Vivian"]
[Result "0-1"]
[WhiteElo "2061"]
[BlackElo "2161"]
[PlyCount "86"]
[EventDate "2018.01.13"]
[EventType "tourn"]
[EventRounds "9"]
[EventCountry "CUB"]
[SourceTitle "EXT 2021"]
[Source "ChessBase"]
[SourceDate "2020.10.23"]
[SourceVersion "1"]
[SourceVersionDate "2020.10.23"]
[SourceQuality "1"]

1. e4 e5 2. Nf3 Qe7 3. Bc4 h6 4. d3 d6 5. c3 Nf6 6. Nbd2 g6 7. 0-0 Bg7 8. Re1 0-0 9. Nf1 c6 10. Bb3 Kh7 11. Ng3 Bg4 12. h3 Be6 13. Be3 Nbd7 14. Bc2 d5 15. Qe2 dxe4 16. dxe4 Qd6 17. Red1 Qc7 18. Nh2 Nb6 19. b3 Rfd8 20. Ng4 Nxg4 21. hxg4 Rxd1+ 22. Rxd1 Rd8 23. Rf1 Kg8 24. f3 Nc8 25. Kf2 Qa5 26. Bb1 Qxc3 27. Rc1 Qb4 28. Qf1 Bf8 29. Ne2 Qa5 30. Qh1 g5 31. Ng3 Ne7 32. Nf5 Bxf5 33. gxf5 b6 34. f6 Ng6 35. Rxc6 Rd2+ 36. Kg3 Re2 37. Bc1 Nh4 38. Rc2 Re1 39. Qh3 Rd1 40. Qc8 Qe1+ 41. Kg4 Ng6 42. g3 h5+ 43. Kf5 Qxg3 0-1

[Event "CUB-ch sf (Women)"]
[Site "Holguin"]
[Date "2018.01.17"]
[Round "5"]
[White "Bosch Valls, Leannet Mariah"]
[Black "Cabrera Ladron de Guevara, Mayra"]
[Result "1/2-1/2"]
[WhiteElo "2049"]
[BlackElo "2061"]
[PlyCount "117"]
[EventDate "2018.01.13"]
[EventType "tourn"]
[EventRounds "9"]
[EventCountry "CUB"]
[SourceTitle "EXT 2021"]
[Source "ChessBase"]
[SourceDate "2020.10.23"]
[SourceVersion "1"]
[SourceVersionDate "2020.10.23"]
[SourceQuality "1"]

1. e4 d5 2. exd5 Qxd5 3. Nc3 Qd6 4. d4 Nf6 5. Nf3 a6 6. g3 Nc6 7. Bg2 Bg4 8. 0-0 0-0-0 9. h3 Bh5 10. Bf4 Qb4 11. g4 Bg6 12. a3 Qxb2 13. Qe1 e6 14. Ne5 Nd5 15. Nxd5 exd5 16. Nxc6 bxc6 17. Qa5 Bd6 18. Qxa6+ Qb7 19. Qxb7+ Kxb7 20. Rfb1+ Kc8 21. Bxd6 cxd6 22. Rb4 Kc7 23. c4 dxc4 24. Rxc4 d5 25. Rc5 Rd6 26. Rac1 Kb7 27. f4 Bd3 28. Bf1 Bxf1 29. Kxf1 Ra8 30. R5c3 Ra4 31. Rd3 Re6 32. f5 Re4 33. Re1 Kc7 34. Kf2 Rxe1 35. Kxe1 Kd6 36. Kd2 h6 37. Ke3 g6 38. fxg6 fxg6 39. Rc3 g5 40. Kd3 Ra5 41. Rb3 Ra7 42. Ke3 Ra6 43. Kd3 c5 44. dxc5+ Kxc5 45. Rc3+ Kd6 46. Rb3 Ke5 47. Ke3 Ra4 48. Ke2 d4 49. Kd3 Kf4 50. Rb4 Rxa3+ 51. Kxd4 Rxh3 52. Kd5+ Kg3 53. Ke5 Rh4 54. Kf5 Rh1 55. Kg6 Rh4 56. Kf5 h5 57. Rb3+ Kf2 58. Kxg5 Rxg4+ 59. Kxh5 1/2-1/2

[Event "Moncada Cup"]
[Site "Santiago de Cuba"]
[Date "2017.03.23"]
[Round "4.1"]
[White "Sanchez Cuza, Rainier"]
[Black "Cabrera Ladron de Guevara, Mayra"]
[Result "0-1"]
[WhiteElo "2099"]
[BlackElo "2078"]
[PlyCount "72"]
[EventDate "2017.03.21"]
[EventType "swiss"]
[EventRounds "10"]
[EventCountry "CUB"]
[SourceTitle "EXT 2023"]
[Source "ChessBase"]
[SourceDate "2022.10.05"]
[SourceVersion "1"]
[SourceVersionDate "2022.10.05"]
[SourceQuality "1"]

1. e4 c5 2. Nf3 d6 3. d4 cxd4 4. Nxd4 Nf6 5. Nc3 a6 6. Bg5 e6 7. f4 Qb6 8. Qd2 Nc6 9. Nb3 Be7 10. 0-0-0 Qc7 11. g4 h6 12. Bxf6 gxf6 13. h4 Bd7 14. Bg2 0-0-0 15. Rh3 Kb8 16. Ne2 Rhg8 17. Rg3 Rc8 18. Kb1 Nb4 19. Nc3 Qb6 20. a3 Nc6 21. Bh3 Na5 22. Nxa5 Qxa5 23. Rd3 Rc7 24. f5 Rgc8 25. Qxh6 d5 26. Qd2 Qb6 27. Ka1 d4 28. Rxd4 Bxa3 29. bxa3 Rxc3 30. Rd3 Rxc2 31. Qb4 Qf2 32. R3d2 Rxd2 33. Qxd2 Qf3 34. Qd6+ Ka8 35. Rd3 Qh1+ 36. Kb2 Qc1+ 0-1

[Event "Bayamo Cespedes Memorial op"]
[Site "Bayamo"]
[Date "2017.03.07"]
[Round "9.7"]
[White "Aragon Placencia, Jesus"]
[Black "Cabrera Ladron de Guevara, Mayra"]
[Result "0-1"]
[WhiteElo "2077"]
[BlackElo "2078"]
[PlyCount "60"]
[EventDate "2017.03.01"]
[EventType "swiss"]
[EventRounds "9"]
[EventCountry "CUB"]
[SourceTitle "EXT 2023"]
[Source "ChessBase"]
[SourceDate "2022.10.05"]
[SourceVersion "1"]
[SourceVersionDate "2022.10.05"]
[SourceQuality "1"]

1. e4 c5 2. Nf3 a6 3. c4 d6 4. d4 cxd4 5. Nxd4 Nf6 6. Nc3 e6 7. Be2 Be7 8. 0-0 0-0 9. Be3 Nc6 10. Nc2 Rb8 11. Qd2 Qc7 12. f4 b6 13. Rad1 Bb7 14. b3 Ba8 15. h3 Na7 16. Bd3 b5 17. e5 dxe5 18. fxe5 Nh5 19. Qf2 bxc4 20. bxc4 Nc6 21. g4 Nxe5 22. Be2 Nf6 23. Nd4 Rb2 24. Qg3 Qb7 25. Nf3 Rxe2 26. Qxe5 Nxg4 27. hxg4 Bf6 28. Qf4 Bxc3 29. Bc5 Rc8 30. Qd6 h6 0-1